[Event "URS-ch sf"]
[Site "Ivano Frankovsk"]
[Date "1982.??.??"]
[Round "?"]
[White "Dorfman, Josif D"]
[Black "Kakageldyev, Amanmurad"]
[Result "1-0"]
[WhiteElo "2510"]
[BlackElo "2365"]

1.c4 c6 2.d4 d5 3.Nf3 Nf6 4.Nc3 dxc4 5.a4 Bf5 6.Ne5 e6 7.f3 Bb4 8.Nxc4 O-O
9.Bg5 h6 10.Bh4 c5 11.dxc5 Qxd1+ 12.Rxd1 Bc2 13.Rd2 Bh7 14.e4 Bxc5 15.Be2 Nc6
16.Bf2 Bb4 17.O-O Rfd8 18.Rfd1 Rxd2 19.Rxd2 b6 20.Rd1 Kf8 21.Nb5 Ke7 22.Nd4 Nxd4
23.Bxd4 Nd7 24.Bxg7 h5 25.Ne5 Nxe5 26.Bxe5 f6 27.Bg3 Bg6 28.Rc1 Bc5+ 29.Bf2 Kd6
30.Kf1 Be8 31.b3 Ba3 32.Rc2 Bb4 33.Bh4 f5 34.exf5 exf5 35.Bg3+ Ke7 36.Rc7+ Kf8
37.Bc4 Rd8 38.Bf4 Rd7 39.Rc8 Rd1+ 40.Ke2 Re1+  1-0

[Event "Lloyds Bank op"]
[Site "London"]
[Date "1982.??.??"]
[Round "6"]
[White "Johansen, Darryl K"]
[Black "Kuijf, Marinus"]
[Result "1-0"]
[WhiteElo "2310"]
[BlackElo "2370"]

1.c4 c6 2.d4 d5 3.cxd5 cxd5 4.Nc3 Nf6 5.Bf4 Nc6 6.e3 Bf5 7.Rc1 Qb6 8.Bd3 Bxd3
9.Qxd3 e6 10.Nge2 Be7 11.O-O O-O 12.Bg5 Rac8 13.Bxf6 Bxf6 14.Na4 Qb4 15.Nc5 Qxb2
16.a3 Na5 17.Rb1 Qa2 18.Rb4 Nc4 19.Rxb7 a5 20.a4 Rb8 21.Nc3 Qa3 22.Qc2 Rxb7
23.Nxb7 Rc8 24.Nb5 Qf8 25.Rc1 Rb8 26.Nc5 Qd8 27.g3 Be7 28.Nd3 g6 29.Ne5 Nxe5
30.dxe5 Bb4 31.Qc6 Qg5 32.Qc7 Rf8 33.Nd4 Qg4 34.f3 Qg5 35.f4 Qd8 36.Kf2 h5
37.Qxd8 Rxd8 38.Rc7 Rb8 39.h3 Kf8 40.Nc6 Ra8 41.Ke2 Bc5 42.Kd3 Ke8 43.g4 hxg4
44.hxg4 Bb6 45.Re7+ Kf8 46.Rb7 Bd8 47.Rd7 Bb6 48.Rb7 Bd8 49.Nxd8 Rxd8 50.Ra7 Rc8
51.Rxa5 Rc4 52.Ra8+ Kg7 53.g5 Kh7 54.a5 Rc5 55.e4 dxe4+ 56.Kxe4 Rc4+ 57.Ke3 Ra4
58.a6 Kg7 59.Kd3 Rxf4 60.Kc3 Ra4 61.Kb3 Ra1 62.Kb4 Rb1+ 63.Kc5 Rc1+ 64.Kb6 Rb1+
65.Ka7 Rg1 66.Rc8 Rg2 67.Rc6 Rxg5 68.Kb7 Rxe5 69.a7 Rb5+ 70.Rb6  1-0

[Event "Luzern ol (Men)"]
[Site "Luzern"]
[Date "1982.??.??"]
[Round "5"]
[White "Olafsson, Helgi"]
[Black "Velikov, Petar"]
[Result "1/2-1/2"]
[WhiteElo "2430"]
[BlackElo "2485"]

1.c4 c6 2.d4 d5 3.cxd5 cxd5 4.Nc3 Nc6 5.Nf3 Nf6 6.Bf4 Bf5 7.e3 e6 8.Ne5 Nd7
9.Nxc6 bxc6 10.Be2 Be7 11.O-O O-O 12.Rc1 c5 13.Nb5 a6 14.Nd6 Bg6 15.dxc5 Nxc5
16.Rxc5 Bxd6 17.Bxd6 Qxd6 18.Qd4 Rfd8 19.Bf3 a5 20.Rfc1 h6 21.h3 Rdb8 22.Qd2 Qb6
23.Bd1 Qb4 24.Qxb4 axb4 25.Bb3 Bd3 26.f3 Kf8  1/2-1/2

[Event "Luzern ol (Men)"]
[Site "Luzern"]
[Date "1982.??.??"]
[Round "7"]
[White "Heim, Sverre"]
[Black "Bellon Lopez, Juan Manuel"]
[Result "1/2-1/2"]
[WhiteElo "2415"]
[BlackElo "2395"]

1.c4 c6 2.d4 d5 3.Nf3 Nf6 4.Nc3 dxc4 5.a4 a5 6.e3 Bf5 7.Bxc4 e6 8.O-O Nbd7
9.Qe2 Nb6 10.Bb3 Nbd5 11.Ne5 Bd6 12.f4 h5 13.Bd2 Ne4 14.Nxe4 Bxe4 15.Nc4 Bc7
16.Bc3 g5 17.Nd2 Bf5 18.Bxd5 cxd5 19.e4 Bg4 20.Qb5+ Kf8 21.fxg5 Qxg5 22.Qc5+ Qe7
23.Qxe7+ Kxe7 24.h3 Be2 25.Rfe1 Bc4 26.b3 Ba6 27.exd5 Rhg8 28.dxe6 f5 29.Nc4 f4
30.Bxa5 Bxa5 31.Nxa5 f3 32.Ra2 Rad8 33.Rf2 Rxg2+ 34.Rxg2 fxg2 35.Kxg2 Rxd4
36.Re5 h4 37.Kf2 Rd2+ 38.Ke1 Rd4 39.Kf2 Rd2+ 40.Ke1 Rd4 41.Re3 Rd6 42.b4 b6
43.b5 bxa5 44.bxa6 Rxa6 45.Kf2 Rxe6 46.Kf3 Rxe3+ 47.Kxe3 Kd6 48.Kd4 Kc6 49.Kc4 Kb7
50.Kb5 Ka7 51.Kxa5 Kb7 52.Kb5 Ka7 53.Kc5 Ka6 54.Kd5 Ka5 55.Ke5 Kxa4 56.Kf5 Kb5
57.Kg5 Kc6 58.Kxh4 Kd7  1/2-1/2

[Event "Luzern ol (Men)"]
[Site "Luzern"]
[Date "1982.??.??"]
[Round "8"]
[White "Suba, Mihai"]
[Black "Velikov, Petar"]
[Result "1-0"]
[WhiteElo "2525"]
[BlackElo "2485"]

1.c4 c6 2.e4 d5 3.exd5 cxd5 4.d4 Nf6 5.Nc3 e6 6.Nf3 Nc6 7.Bd3 Be7 8.cxd5 Nxd5
9.O-O O-O 10.Re1 Nf6 11.a3 b6 12.Bg5 Bb7 13.Bb1 Re8 14.Qd3 g6 15.Ba2 Rc8
16.Rad1 Nd5 17.Bh6 Nxc3 18.bxc3 Bf8 19.Bxf8 Rxf8 20.c4 Qf6 21.d5 exd5 22.cxd5 Na5
23.Ne5 Rcd8 24.Ng4 Qg7 25.d6 Ba8 26.d7 Nb7 27.Qe3 h5 28.Nh6+ Kh7 29.Nxf7 Rxf7
30.Bxf7 Qxf7 31.Qg5  1-0

[Event "Luzern ol (Men)"]
[Site "Luzern"]
[Date "1982.??.??"]
[Round "9"]
[White "Martidis, Alkis"]
[Black "Dienavorian, Manuel"]
[Result "0-1"]
[WhiteElo "2250"]
[BlackElo "2265"]

1.c4 c6 2.Nf3 Nf6 3.d4 d5 4.Nc3 g6 5.cxd5 cxd5 6.g3 Bg7 7.Bg2 Nc6 8.O-O O-O
9.Ne5 e6 10.Nxc6 bxc6 11.Na4 Nd7 12.Bf4 Ba6 13.Bd6 Re8 14.Re1 e5 15.dxe5 Nxe5
16.Bc5 Bb5 17.Bd4 Nd3 18.exd3 Rxe1+ 19.Qxe1 Bxd4 20.Nc3 Ba6 21.Qd2 Qf6 22.Rc1 Re8
23.h4 h5 24.b3 Bc8 25.Nd1 Bd7 26.Ne3 Qe5 27.Kh2 Bxe3 28.fxe3 Qxe3 29.Qxe3 Rxe3
30.Bf1 Kf8 31.Rc5 Re7 32.Kg2 Ke8 33.Ra5 Bf5 34.Ra6 Rc7 35.Kf3 Bc8 36.Ra5 f6
37.Kf4 Bf5 38.Rc5 Ke7 39.d4 Kd6 40.Ra5 Re7 41.Kf3 g5 42.hxg5 fxg5 43.Kg2 h4
44.gxh4 gxh4 45.Kh2 Re1 46.Bg2 Re2 47.Kg1 h3 48.Bf3 Rd2 49.Rxa7 Rxd4 50.Ra8  0-1

[Event "Mar del Plata"]
[Site "Mar del Plata"]
[Date "1982.??.??"]
[Round "?"]
[White "Seirawan, Yasser"]
[Black "Panno, Oscar"]
[Result "1/2-1/2"]
[WhiteElo "2575"]
[BlackElo "2510"]

1.c4 c6 2.Nf3 d5 3.e3 Nf6 4.Nc3 g6 5.d4 Bg7 6.Bd3 O-O 7.O-O Bg4 8.h3 Bxf3
9.Qxf3 e6 10.Rd1 Nbd7 11.b3 Re8 12.Bf1 a6 13.Bd2 Qe7 14.Rac1 Nb6 15.Be1 Nc8
16.Qe2 Nd6 17.Qc2 Bh6 18.a4 a5 19.Rb1 b6 20.cxd5 cxd5 21.b4 Rec8 22.bxa5 bxa5
23.Qa2 Bf8 24.Rb3 Qd8 25.Rdb1 Nc4 26.Nd1 Ne4 27.Bd3 Ned6 28.Nc3 Be7 29.Ne2 Qd7
30.Nc1 Bd8 31.Be2 Qa7 32.Nd3 Rab8 33.g4 Rxb3 34.Rxb3 Rb8 35.Nb2 Rxb3 36.Qxb3 Nxb2
37.Qxb2 Qb6 38.Qxb6 Bxb6 39.Bd3 f6 40.Kf1 Kf7 41.Ke2 Ke7 42.f3 f5 43.Ba6 Kd7
44.Kd3 Kc6 45.Bh4 Bc7 46.Be7 Kd7 47.Bf6 Bd8 48.Be5 Kc6 49.Ke2  1/2-1/2

[Event "Minsk"]
[Site "Minsk"]
[Date "1982.??.??"]
[Round "?"]
[White "Jussupow, Artur"]
[Black "Dolmatov, Sergey"]
[Result "1/2-1/2"]
[WhiteElo "2555"]
[BlackElo "2590"]

1.c4 c6 2.b3 d5 3.Bb2 Bg4 4.Nf3 Nd7 5.e3 Ngf6 6.Be2 e6 7.h3 Bxf3 8.Bxf3 Bd6
9.Nc3 Qe7 10.Qc2 O-O 11.O-O Ba3 12.Bxa3 Qxa3 13.d4 Qd6 14.c5 Qe7 15.b4  1/2-1/2

[Event "NOR-ch playoff-1pl"]
[Site "Oslo"]
[Date "1982.??.??"]
[Round "2"]
[White "Tiller, Bjorn"]
[Black "Agdestein, Simen"]
[Result "1/2-1/2"]
[WhiteElo "2420"]
[BlackElo "2280"]

1.c4 c6 2.Nf3 d5 3.Qc2 Nf6 4.g3 Bg4 5.Bg2 Nbd7 6.O-O e6 7.d4 Bd6 8.Nbd2 O-O
9.e4 dxe4 10.Nxe4 Nxe4 11.Qxe4 Nf6 12.Qe3 Bxf3 13.Qxf3 Re8 14.Rd1 Re7 15.Bd2 Rd7
16.Bc3 Qe7 17.a3 Rc8 18.Bh3 Bb8 19.Qe2 a6 20.d5 cxd5 21.Bxf6 gxf6 22.cxd5 Rcd8
23.dxe6 Rxd1+ 24.Rxd1 Rxd1+ 25.Qxd1 fxe6 26.Qb3 Kf7 27.Bxe6+ Qxe6 28.Qxb7+ Kg6
29.Qxb8 Qe1+ 30.Kg2 Qe4+ 31.Kf1 Qb1+ 32.Ke2 Qc2+ 33.Ke3 Qc1+ 34.Kd3 Qd1+
35.Kc4 Qc2+ 36.Kd5 Qf5+ 37.Kc6 Qc2+ 38.Kd7 Qxf2 39.h4 Qf5+ 40.Kd8 Qd3+ 41.Ke7 Qe3+
42.Kd7 Qd2+ 43.Qd6 Qxb2 44.Qd3+ Kg7 45.Qxa6 Qd4+ 46.Qd6 Qa4+ 47.Kc7 Qa7+
48.Kd8 Qa8+ 49.Ke7 Qe4+ 50.Qe6 Qe5 51.g4 Qc7+ 52.Qd7 Qxd7+ 53.Kxd7 h5 54.gxh5 f5
55.a4 f4 56.a5 f3 57.a6 f2 58.a7 f1=Q 59.a8=Q Qf7+ 60.Kc8 Qe8+ 61.Kb7 Qxa8+
62.Kxa8  1/2-1/2

[Event "NOR-ch playoff-1pl"]
[Site "Oslo"]
[Date "1982.??.??"]
[Round "4"]
[White "Tiller, Bjorn"]
[Black "Agdestein, Simen"]
[Result "0-1"]
[WhiteElo "2420"]
[BlackElo "2280"]

1.c4 c6 2.Nf3 Nf6 3.d4 d5 4.Nc3 dxc4 5.a4 Bf5 6.Ne5 Nbd7 7.Nxc4 Qc7 8.g3 e5
9.dxe5 Nxe5 10.Bf4 Rd8 11.Qc1 Bd6 12.Nxd6+ Qxd6 13.Bg2 a5 14.O-O O-O 15.Qe3 Nfg4
16.Qb6 Qb4 17.Qxb4 axb4 18.Na2 Ng6 19.Bc1 Nf6 20.Be3 b3 21.Nc3 Ne5 22.Bf4 Nc4
23.e4 Be6 24.Rfb1 Nd7 25.Bf1 Nde5 26.Bxe5 Nxe5 27.f4 Nf3+ 28.Kf2 Nxh2 29.Be2 Ng4+
30.Kf3 g6 31.Rd1 Nh2+ 32.Ke3 Ng4+ 33.Bxg4 Bxg4 34.Rd4 Rxd4 35.Kxd4 Rd8+ 36.Kc5 Rd2
37.Kb6 Rxb2 38.Ra3 Rc2 39.Rxb3 Be6 40.Ra3 Rb2+ 41.Kc5 f6 42.Kd6 Kf7 43.a5 Rb4
44.Na4 h5 45.Nc5 Bc4 46.e5 fxe5 47.fxe5 Rb1 48.Rf3+ Ke8 49.Rf4 Rd1+ 50.Kc7 Ba6
51.Ne6 Ke7 52.Ng7 c5 53.Rf2 Rf1 54.Rd2 Bb5 55.Kb6 Rb1 56.Rf2 c4 57.Kxb7 c3
58.Kc7 Bd3 59.e6 Rf1  0-1

[Event "Plovdiv"]
[Site "Plovdiv"]
[Date "1982.??.??"]
[Round "3"]
[White "Osnos, Viatcheslav"]
[Black "Panchenko, Alexander N"]
[Result "1/2-1/2"]
[WhiteElo "2455"]
[BlackElo "2480"]

1.c4 c6 2.Nf3 d5 3.cxd5 cxd5 4.d4 Nf6 5.Bf4 Bf5 6.Nc3 Nc6 7.e3 e6 8.Bd3 Bxd3
9.Qxd3 Bd6 10.Bxd6 Qxd6 11.O-O O-O  1/2-1/2

[Event "Plovdiv"]
[Site "Plovdiv"]
[Date "1982.??.??"]
[Round "5"]
[White "Osnos, Viatcheslav"]
[Black "Nogueiras, Jesus"]
[Result "1-0"]
[WhiteElo "2455"]
[BlackElo "2495"]

1.c4 c6 2.Nf3 Nf6 3.d4 d5 4.Nc3 e6 5.cxd5 cxd5 6.Bf4 Nc6 7.e3 Nh5 8.Bg5 Qb6
9.Bb5 h6 10.Bh4 Bd7 11.O-O g5 12.Nd2 Ng7 13.Bg3 a6 14.Bd3 Be7 15.Na4 Qd8
16.Nc5 Bxc5 17.dxc5 e5 18.e4 Be6 19.exd5 Qxd5 20.Be4 Qd4 21.Qf3 Qxd2 22.Rfd1 Qa5
23.Bxc6+ bxc6 24.Bxe5 Kf8 25.b4 Qxb4 26.Rab1 Qa5 27.Qf6 Rh7 28.Bb8 Ne8 29.Rd8 Qxc5
30.Bd6+ Qxd6 31.Rxa8 Qe7 32.Qf3 f6 33.a4 Rf7 34.Rxa6 Kg7 35.Re1 Qb7 36.Qxc6 Qb4
37.Qxe6 Nc7 38.Rb6 Qa5 39.Qe3 Nd5 40.Rb5 Qxb5 41.axb5 Nxe3 42.fxe3 Rb7 43.Rb1 Rb6
44.e4 Kf7 45.Kf2 Ke6 46.Ke3 Kd6 47.Kd4 Rb7 48.b6 Kc6 49.Kc4 Rb8 50.b7 h5
51.g3 Kd6 52.Rb6+ Ke5 53.Kd3 h4 54.Ke3 hxg3 55.hxg3 g4 56.Kd3 Rd8+ 57.Ke2  1-0

[Event "POL-ch"]
[Site "POL"]
[Date "1982.??.??"]
[Round "?"]
[White "Bugajski, Robert"]
[Black "Jasnikowski, Zbigniew"]
[Result "0-1"]
[WhiteElo "2315"]
[BlackElo "2395"]

1.c4 c6 2.Nf3 d5 3.e3 Nf6 4.Nc3 g6 5.d4 Bg7 6.b4 O-O 7.Bb2 Bg4 8.Bd3 Nbd7
9.Ne2 a5 10.b5 c5 11.Ne5 Nxe5 12.dxe5 Nd7 13.f3 dxc4 14.Bxc4 Bxe5 15.Rb1 Bxb2
16.Rxb2 Ne5 17.Rd2 Qb6 18.Bd5 Be6 19.Nf4 c4 20.Ke2 c3 21.Rd4 Qxb5+ 22.Kf2 Bxd5
23.Nxd5 Qb2+ 24.Kg3 Nc6 25.Qd3 c2 26.Rc4 Rfd8 27.Qe4 Rxd5 28.Qxd5 Qb1 29.Qd2 Qxh1
30.Rxc2 Rd8 31.Qc3 Rd1 32.Qb3 Rd3 33.Qb2 Qe1+ 34.Kh3 Rd5 35.f4 Qxe3+ 36.g3 Qf3
37.f5 Rxf5 38.Rc5 Rxc5 39.Qh8+ Kxh8 40.Kh4 Qh5+  0-1

[Event "Reykjavik op"]
[Site "Reykjavik"]
[Date "1982.??.??"]
[Round "?"]
[White "Kraehenbuehl, Gerhard"]
[Black "Bajovic, Milan"]
[Result "0-1"]
[WhiteElo "2305"]
[BlackElo "2345"]

1.c4 c6 2.g3 d5 3.b3 Nf6 4.Bb2 Bf5 5.Bg2 e6 6.Nf3 Be7 7.O-O h6 8.d3 O-O 9.Re1 a5
10.Nbd2 Na6 11.a3 Bh7 12.Qc2 Nc5 13.Rab1 Re8 14.Bc3 Bf8 15.Rbd1 b5 16.Ba1 Ncd7
17.Qa2 bxc4 18.bxc4 Qe7 19.Nb1 e5 20.cxd5 cxd5 21.Nfd2 Nb6 22.Rc1 Qd6 23.Bb2 Na4
24.Ba1 Bf5 25.Qc2 Bd7 26.Nb3 Reb8 27.e4 dxe4 28.dxe4 Qe6 29.N3d2 Rc8 30.Qd3 Nc5
31.Qe2 a4 32.Nf1 Rcb8 33.Rcd1 Bb5 34.Qf3 Nb3 35.Bb2 Bc5 36.Ne3 Nd4 37.Bxd4 Bxd4
38.Nf5 Bc5 39.Bh3 Qb6 40.Nc3 Bc4 41.Rb1 Bb3 42.Nd5 Nxd5 43.exd5 Re8 44.d6 Bxd6  0-1

[Event "Rostock"]
[Site "Rostock"]
[Date "1982.??.??"]
[Round "?"]
[White "Jeske, Eckhard"]
[Black "Heinig, Wolfram"]
[Result "1/2-1/2"]
[WhiteElo "2225"]
[BlackElo "2345"]

1.c4 c6 2.Nc3 Nf6 3.e4 e5 4.Nf3 d6 5.d4 Nbd7 6.g3 g6 7.Bg2 Bg7 8.O-O O-O
9.h3 Qb6 10.Re1 exd4 11.Qxd4 Qxd4 12.Nxd4 Ne5 13.b3 Nd3 14.Rd1 Nxc1 15.Raxc1 Re8
16.f4 Bf8 17.g4 h5 18.g5 Nd7 19.Na4 a6 20.Nc3 a5 21.Na4 Nc5 22.Nxc5 dxc5
23.Ne2 a4 24.Nc3 axb3 25.axb3 Ra3 26.Rb1 Be7 27.e5 Bf5 28.Rb2 Rd8 29.Rxd8+ Bxd8
30.Ne4 Ba5 31.Kh2 Bxe4 32.Bxe4 Bc3 33.Rb1 Kg7 34.Kg3 Bd4 35.Kf3 Ra2 36.Rf1 Rc2
37.Rb1 Rf2+ 38.Kg3 Re2 39.Bf3 Rc2 40.Be4 Rc3+ 41.Bf3 Be3 42.Be4 h4+ 43.Kf3 Bd4+
44.Kg2 Rg3+ 45.Kh2 Re3 46.Bg2 Rc3 47.b4 Be3 48.bxc5 Bxf4+ 49.Kg1 Bxe5 50.Rxb7 Bd4+
51.Kf1 Rxc4 52.Bxc6 Rxc5 53.Bd7 Rc2 54.Ke1 Rf2 55.Rb4 Rf4 56.Ke2 Kf8 57.Kd3 Be5
58.Rxf4 Bxf4 59.Ke4 Bxg5 60.Bc8 Ke7 61.Ba6 f5+ 62.Kf3 Kf6 63.Bb5 Bd2 64.Be8 g5
65.Bd7 Ke5 66.Bc8  1/2-1/2

[Event "DDR-ch (Women) "]
[Site "Salzwedel"]
[Date "1982.??.??"]
[Round "2"]
[White "Jahn, Gudula"]
[Black "Starck, Ines"]
[Result "0-1"]
[WhiteElo "1930"]
[BlackElo "2030"]

1.c4 c6 2.Nc3 d5 3.cxd5 cxd5 4.d4 Nf6 5.Nf3 Nc6 6.Bf4 e6 7.e3 Be7 8.Be2 O-O
9.h3 Bd7 10.O-O Qb6 11.Rb1 Rfc8 12.Ne5 Be8 13.g4 Nxe5 14.dxe5 Nd7 15.e4 dxe4
16.Nxe4 Rd8 17.Bd3 Qd4 18.Be3 Qxe5 19.f4 Qa5 20.Qe2 Nf6 21.Nc3 Nd5 22.Nxd5 Qxd5
23.Rfd1 Qxa2 24.Ra1 Qb3 25.Rxa7 Rxa7 26.Bxa7 Bb5 27.Qc2 Rxd3  0-1

[Event "URS-ch sf"]
[Site "Severodonetsk"]
[Date "1982.??.??"]
[Round "?"]
[White "Anikaev, Yuri N"]
[Black "Filipenko, Alexander V"]
[Result "1/2-1/2"]
[WhiteElo "2465"]
[BlackElo "2320"]

1.c4 c6 2.d4 d5 3.cxd5 cxd5 4.Nc3 Nf6 5.Nf3 Nc6 6.Bf4 e6 7.e3 Nh5 8.Bg5 Qb6
9.Bb5 h6 10.Bh4 Bd7 11.O-O Bd6 12.e4 dxe4 13.Nxe4 Bc7 14.Ba4 Nf4 15.Nc5 Bc8
16.b4 O-O 17.a3 a5 18.Rb1 axb4 19.axb4 Ng6 20.Bg3 Bxg3 21.hxg3 Rd8 22.Bc2 Nge5
23.Nxe5 Nxe5 24.b5 Nd7 25.Qd3 Nf6 26.Rfd1 e5 27.Qc4 exd4 28.Bb3 Kh8 29.Rxd4 Rxd4
30.Qxd4 Bf5 31.Rd1 Rc8 32.Na4 Qxb5 33.Bxf7 Bc2 34.Rc1 Rf8 35.Nc3 Qd3 36.Qxd3 Bxd3
37.Be6 Re8 38.Bb3 Rc8 39.Na2 Rxc1+ 40.Nxc1 Be4 41.f3 Bd5 42.Kf2 Kg8 43.Ke3 Kf7
44.Kd4 Ke6 45.Bxd5+ Nxd5 46.Nd3 b6 47.g4 Kd6 48.f4 b5 49.g5 hxg5 50.fxg5 Nc7
51.Kc3 Ke6 52.Kb4 Kf5 53.Kc5 Kxg5 54.Kc6 Ne6 55.Kxb5 Nf4 56.Ne1 Kf5 57.Kc5 Ke4
58.Kd6 g5 59.Nf3 g4 60.Nh2  1/2-1/2

[Event "Surakarta/Denpasar"]
[Site "Surakarta"]
[Date "1982.??.??"]
[Round "16"]
[White "Maninang, Rafaelito"]
[Black "Bellon Lopez, Juan Manuel"]
[Result "0-1"]
[WhiteElo "2385"]
[BlackElo "2400"]

1.c4 c6 2.Nf3 d5 3.d4 Nf6 4.Nc3 dxc4 5.a4 a5 6.e4 Bg4 7.Bxc4 e6 8.Be3 Bb4
9.Qc2 Nbd7 10.Rd1 O-O 11.O-O Bh5 12.Be2 Qc7 13.h3 h6 14.Na2 Bg6 15.Nxb4 axb4
16.Bd3 b3 17.Qxb3 Bxe4 18.Bxe4 Nxe4 19.Qc2 Nef6 20.b3 Nd5 21.Bd2 Rfc8 22.Rfe1 Qb6
23.Ne5 N7f6 24.Nc4 Qa7 25.Qd3 Rd8 26.Qg3 Ne7 27.Ba5 Nf5 28.Qf3 Rxd4 29.Bb6 Rxd1
30.Rxd1 Qa6 31.g4 Nh4 32.Qg3 Ng6 33.h4 Nd5 34.Bd4 b5 35.axb5 cxb5 36.Ne5 Ngf4
37.Qf3 f6 38.Nd7 Qd6 39.Nb6 Rd8 40.Be3 g5 41.Qe4 Qe5 42.Qxe5 fxe5 43.hxg5 hxg5
44.Bc5 Kf7 45.f3 Nh3+ 46.Kh2 Rh8 47.Kg3 Nhf4 48.Nd7 Rh3+ 49.Kf2 Rh2+ 50.Kg1 Re2
51.Ra1 Nd3 52.Ra7 Ke8 53.Bd6 e4 54.fxe4 Rxe4 55.Kg2 Rxg4+ 56.Kf3 Rh4 57.Rb7 Rh7
58.Nc5 Rxb7 59.Nxb7 Kd7 60.Bf8 Kc7 61.Nd6 Ne5+ 62.Ke4 Ng6 63.Nxb5+ Kb6 64.Bh6 Kxb5
65.Bxg5 Kb4 66.Bh6 Kxb3 67.Bg7 Kc4 68.Kf3 Kd3 69.Kg4 Ke4 70.Kg5 Ne5 71.Bf8 Nc7
72.Bb4 Kd5 73.Bf8 Ne8 74.Bb4 Nc6 75.Bc3 Nd4 76.Ba5 e5 77.Kg4 Nf6+ 78.Kg3 Kc4
79.Bd8 Nd5 80.Bg5 Kd3 81.Kf2 Nf4 82.Kf1 Nde6 83.Bh4 e4  0-1

[Event "Vinkovci"]
[Site "Vinkovci"]
[Date "1982.??.??"]
[Round "10"]
[White "Plachetka, Jan"]
[Black "Klaric, Zlatko"]
[Result "0-1"]
[WhiteElo "2435"]
[BlackElo "2440"]

1.c4 c6 2.d4 d5 3.Nf3 Nf6 4.Nc3 dxc4 5.a4 Na6 6.e4 Bg4 7.Bxc4 e6 8.O-O Nb4
9.Be3 Be7 10.Be2 O-O 11.Rc1 Rc8 12.h3 Bh5 13.Ne5 Bxe2 14.Qxe2 b6 15.Bf4 c5
16.dxc5 bxc5 17.Rfd1 Qa5 18.Qb5 Qa6 19.Nc4 Qc6 20.Bd6 Bxd6 21.Nxd6 Rb8 22.Qxc6 Nxc6
23.Ncb5 a6 24.Nc7 Rb6 25.Nc4 Rb7 26.Nxa6 Nxe4 27.f3 Ra7 28.fxe4 Rxa6 29.Rd6 g6
30.Ne5 Nb4 31.Rd7 Rxa4 32.Rxc5 Na6 33.Rc4 Rxc4 34.Nxc4 Nc5 35.Rc7 Nxe4 36.b4 Rb8
37.Ne5 Nd6 38.Rd7 Rb6 39.g4 h6 40.Kf2 Kg7 41.Ke3 Kf6 42.Nd3 e5 43.Nc5 Ne8
44.Rd8 Ke7 45.Rd7+ Kf8 46.Nd3 Rb5 47.Ra7 Nd6 48.Rc7 e4 49.Rd7 Ne8 50.Nc5 Rxb4
51.Rd8 Ke7 52.Rd7+ Kf8 53.Rd8 f5 54.gxf5 gxf5 55.Rd5 Ng7 56.Kf4 Rb1 57.Rd8+ Kf7
58.Rd7+ Kg6 59.Ke5 e3 60.Nd3 Nh5 61.Rd6+ Kg5 62.h4+ Kg4 63.Rg6+ Kf3 64.Kxf5 Rb5+
65.Ne5+ Kf2 66.Re6 Ng7+  0-1

[Event "Yerevan zt"]
[Site "Yerevan"]
[Date "1982.??.??"]
[Round "13"]
[White "Sveshnikov, Evgeny"]
[Black "Dolmatov, Sergey"]
[Result "1/2-1/2"]
[WhiteElo "2525"]
[BlackElo "2590"]

1.c4 c6 2.e4 d5 3.exd5 cxd5 4.d4 Nf6 5.Nc3 e6 6.Nf3 Bb4 7.cxd5 Nxd5 8.Qc2 O-O
9.Bd3 h6 10.O-O Be7 11.Qe2 Nd7 12.Nxd5 exd5 13.Ne5 Bf6 14.f4 Qb6 15.Be3 Be7
16.Rad1 f5 17.Qc2 Nxe5 18.fxe5 Bg5 19.Bxg5 Qxd4+ 20.Rf2 hxg5 21.Bxf5 Qe3
22.Qd3 Qxd3 23.Bxd3 Be6 24.Rc1 d4 25.a3 Rac8 26.Rxf8+ Kxf8 27.Rxc8+ Bxc8
28.Kf2 Ke7 29.Kf3 b6 30.Ke4 Bb7+ 31.Kxd4 Bxg2 32.Bc4 a5 33.Bd5 Bh3 34.Bb3 Bd7
35.Bg8 Bc6 36.Kc4 Ba4 37.Kd3 Bc6 38.Ke3 Bb7 39.Ba2 Bc6 40.Kd3 Bb7 41.Kc3 Bc6
42.Kd4 Bb7 43.Bd5 Bc8 44.Kc4 Ba6+ 45.Kb3 Bb5 46.Kc3 Kf8 47.b4 axb4+ 48.Kxb4 Bd7
49.Bb3 Ke7 50.Ba4 Bg4 51.Bc6 Ke6 52.Kb5 Kxe5 53.Kxb6 Bd1 54.h3 g4 55.hxg4 Bxg4
56.a4 g5 57.a5 Be2  1/2-1/2

[Event "Baku"]
[Site "Baku"]
[Date "1983.??.??"]
[Round "?"]
[White "Taimanov, Mark E"]
[Black "Bagirov, Vladimir"]
[Result "1/2-1/2"]
[WhiteElo "2515"]
[BlackElo "2505"]

1.c4 c6 2.Nf3 d5 3.d4 Nf6 4.Nc3 e6 5.cxd5 exd5 6.Bg5 Be7 7.e3 Bf5 8.Bd3 Bxd3
9.Qxd3 Nbd7 10.O-O O-O 11.Nd2 Re8 12.Qf5 a5 13.Rfc1 g6 14.Qc2 Nh5 15.Bxe7 Qxe7  1/2-1/2

[Event "Biel"]
[Site "Biel"]
[Date "1983.??.??"]
[Round "?"]
[White "Adorjan, Andras"]
[Black "Meduna, Eduard"]
[Result "0-1"]
[WhiteElo "2535"]
[BlackElo "2465"]

1.c4 c6 2.d4 d5 3.Nf3 Nf6 4.Nc3 dxc4 5.a4 Bf5 6.Ne5 Nbd7 7.Nxc4 Qc7 8.g3 e5
9.dxe5 Nxe5 10.Bf4 Rd8 11.Qc1 Bd6 12.Nxd6+ Qxd6 13.Bg2 O-O 14.a5 Rfe8 15.O-O Qb4
16.a6 Nfd7 17.Ra4 Qb3 18.Rd1 Rb8 19.axb7 Rxb7 20.Bxe5 Nxe5 21.Qf4 g6 22.Ra5 Rbe7
23.Qc1 Rb8 24.Qg5 Rbe8 25.Ra2 Kg7 26.h3 h6 27.Qf4 Bc2 28.Rd4 g5 29.Qc1 Bf5
30.Kh2 Rb8 31.Rda4 Qb6 32.f4 gxf4 33.Rxf4 Be6 34.Rh4 Rh8 35.Raa4 a5 36.Ne4 Bd5
37.Qc3 Qb5 38.Rh5 f6 39.Nxf6 Bxg2 40.Rxe5 Qxe5 41.Nh5+ Kf7 42.Rf4+ Ke8 43.Nf6+ Kd8
44.Qd2+ Kc8 45.e4 Rb7 46.b3 Rd8 47.Qc2 Qd6 48.e5 Qxe5 49.Kxg2 Qe6 50.Rc4 Kb8
51.Ne4 Re8 52.Qd3 Rb4 53.Kf3 Qf5+ 54.Ke3 Qg5+ 55.Kf3 Qh5+ 56.Ke3 Qd5 57.Rxb4+ axb4
58.Qc2 Kc7 59.g4 Qe5 60.Kf3 h5 61.Qd3 hxg4+ 62.hxg4 Rh8 63.Nf2 Qc3 64.Kg2 Qxd3
65.Nxd3 Rd8 66.Nc5 Rg8 67.Kg3 Kd6 68.Nd3 c5 69.Kf4 Kd5 70.g5 Kd4 71.Nb2 Rf8+
72.Kg4 Rf2 73.Na4 Rg2+ 74.Kf5 Rg3  0-1

[Event "Biel"]
[Site "Biel"]
[Date "1983.??.??"]
[Round "?"]
[White "Wirthensohn, Heinz"]
[Black "Meduna, Eduard"]
[Result "0-1"]
[WhiteElo "2425"]
[BlackElo "2465"]

1.c4 c6 2.e4 d5 3.exd5 cxd5 4.d4 Nf6 5.Nc3 e6 6.Nf3 Be7 7.cxd5 Nxd5 8.Bd3 Nc6
9.O-O O-O 10.Re1 Bf6 11.Be4 Qd6 12.Nb5 Qb8 13.Qd3 h6 14.a3 Bd7 15.Nc3 Qd6
16.Nb5 Qb8 17.Nc3 Qd6 18.Bd2 Rac8 19.Rad1 Rfd8 20.Qe2 Nxd4 21.Nxd4 Bxd4 22.Bxh6 Bxc3
23.bxc3 gxh6 24.c4 f5 25.cxd5 fxe4 26.Qg4+ Kh8 27.Qxe4 e5 28.Re3 Rf8 29.Rde1 Rce8
30.Qb1 Qxd5 31.Rd3 Qf7 32.Rf3 Bf5 33.Qb2 Qg7 34.Rg3 Bg6 35.h4 h5 36.Rg5 Rf5
37.Rxf5 Bxf5 38.Qb5 Re7 39.Re3 Bg6 40.Qc5 b6 41.Qc6 e4 42.Rg3 Kh7  0-1

[Event "Bratislava"]
[Site "Bratislava"]
[Date "1983.??.??"]
[Round "3"]
[White "Donchev, Dimitar I"]
[Black "Mokry, Karel"]
[Result "1-0"]
[WhiteElo "2455"]
[BlackElo "2450"]

1.c4 c6 2.Nf3 d5 3.Qa4 e6 4.g3 Nd7 5.d3 Bd6 6.Bg2 Ngf6 7.O-O O-O 8.Nc3 Qe7
9.Bd2 Nb6 10.Qb3 dxc4 11.dxc4 e5 12.Bg5 Bf5 13.Nd2 h6 14.Bxf6 Qxf6 15.a4 Rab8
16.a5 Nd7 17.Nde4 Qe7 18.Nxd6 Qxd6 19.Rfd1 Qe7 20.Qa3 Qxa3 21.Rxa3 Rfc8 22.b4 Kf8
23.h3 Ke7 24.g4 Be6 25.Ne4 Bxc4 26.Nd6 Bxe2 27.Rd2 Bb5 28.Nxc8+ Rxc8 29.Bf1 Bxf1
30.Kxf1 Nf8 31.a6 b6 32.Rad3 Rc7 33.Rd8 Ne6 34.Rb8 c5 35.bxc5 Nxc5 36.Ra2 Kd6
37.Rxb6+ axb6 38.a7 Rc8 39.a8=Q Rxa8 40.Rxa8 Ne6 41.Ra7 Nd8 42.Ke2 Ke6 43.Ra6 Nb7
44.Rxb6+ Nd6 45.Ra6 g6 46.Ke3 f5 47.gxf5+ gxf5 48.f4 exf4+ 49.Kxf4 Kd5 50.h4 Ke6
51.h5  1-0

[Event "NZD-ch"]
[Site "Dunedin"]
[Date "1983.??.??"]
[Round "9"]
[White "Stuart, Peter"]
[Black "Garbett, Paul Anthony"]
[Result "1/2-1/2"]
[WhiteElo "2240"]
[BlackElo "2265"]

1.c4 c6 2.Nf3 Nf6 3.g3 d5 4.b3 Bg4 5.Bg2 e6 6.Bb2 Nbd7 7.O-O Bd6 8.d3 O-O
9.Nbd2 Re8 10.Qc2 e5 11.e4 dxe4 12.Nxe4 Nxe4 13.dxe4 Bc5 14.Ne1 Nf8 15.Kh1 Bh5
16.f3 Bd4  1/2-1/2

[Event "Frunze"]
[Site "Frunze"]
[Date "1983.??.??"]
[Round "?"]
[White "Csom, Istvan"]
[Black "Imanaliev, Taalaibek"]
[Result "1/2-1/2"]
[WhiteElo "2505"]
[BlackElo "2200"]

1.c4 c6 2.Nf3 d5 3.e3 Nf6 4.d4 Bg4 5.Qb3 Qb6 6.Ne5 Bf5 7.cxd5 Qxb3 8.axb3 Nxd5
9.Na3 Nd7 10.Nxd7 Bxd7 11.Be2 g6 12.Nc4 Bg7 13.Bd2 O-O 14.O-O Nb6 15.Bb4 Nd5
16.Bd2 Nb6 17.Bb4  1/2-1/2

[Event "Frunze"]
[Site "Frunze"]
[Date "1983.??.??"]
[Round "?"]
[White "Csom, Istvan"]
[Black "Dolmatov, Sergey"]
[Result "0-1"]
[WhiteElo "2505"]
[BlackElo "2550"]

1.c4 c6 2.Nf3 d5 3.Qc2 Nf6 4.b3 e6 5.Bb2 Nbd7 6.d4 Ne4 7.g3 Bb4+ 8.Nbd2 Qf6
9.Rd1 Bxd2+ 10.Rxd2 Nxd2 11.Qxd2 O-O 12.Bg2 b6 13.O-O Qe7 14.Rc1 Bb7 15.c5 bxc5
16.Ba3 f6 17.Ne1 Qf7 18.Bxc5 Nxc5 19.Rxc5 e5 20.Nc2 Qe7 21.Qc3 e4 22.Nb4 Rac8
23.Bh3 f5 24.Nxc6 Bxc6 25.Rxc6 Rxc6 26.Qxc6 Qf7 27.e3 Rd8 28.b4 g6 29.Bf1 Qd7
30.Qa6 Qc7 31.Bb5 Rd6 32.Qa4 g5 33.Be2 Rd8 34.Bb5 f4 35.Bc6 fxe3 36.fxe3 Kg7
37.b5 Rf8 38.Qb4 Rf3 39.Qa3 Qf7 40.Qc1 h5 41.b6 axb6  0-1

[Event "Bundesliga 8283"]
[Site "Germany"]
[Date "1983.??.??"]
[Round "?"]
[White "Werner, Dimo"]
[Black "Hermann, Manfred"]
[Result "1/2-1/2"]
[WhiteElo "2340"]
[BlackElo "2365"]

1.c4 c6 2.d4 d5 3.cxd5 cxd5 4.Nc3 Nf6 5.Nf3 Nc6 6.Bf4 Bf5 7.e3 e6 8.Bb5 Nd7
9.O-O Be7 10.Rc1 O-O 11.Bxc6 bxc6 12.Na4 Rc8 13.Ne5 Nxe5 14.Bxe5 Re8 15.Qd2 f6
16.Bg3 Bd6 17.Bxd6 Qxd6 18.Qa5 e5 19.Rfd1 Bg4 20.Rd2 e4 21.Rdc2 f5 22.Qa6 f4
23.h3 Bd7 24.Nc5 fxe3 25.fxe3 Bxh3 26.gxh3 Qg3+ 27.Kh1 Qxh3+ 28.Rh2 Qf3+
29.Rg2 Qh3+ 30.Rh2 Qxe3 31.Rg1 Qf3+ 32.Rhg2 Qh3+ 33.Rh2 Qf3+ 34.Rhg2 Qh3+  1/2-1/2

[Event "Bundesliga 8283"]
[Site "Germany"]
[Date "1983.??.??"]
[Round "?"]
[White "Wolf, Volker"]
[Black "Schmidt, Bodo"]
[Result "1-0"]
[WhiteElo "2245"]
[BlackElo "2355"]

1.c4 c6 2.e4 d5 3.exd5 cxd5 4.d4 e6 5.Nc3 Nf6 6.Nf3 Be7 7.cxd5 Nxd5 8.Bd3 Nc6
9.O-O O-O 10.Re1 Bf6 11.Be4 Qd6 12.a3 Rd8 13.Bc2 Nxc3 14.bxc3 g6 15.Ng5 Qd5
16.Ne4 Be7 17.Qf3 Kg7 18.Qh3 h5 19.Qe3 Rh8 20.Bb2 Na5 21.Nd2 Bg5 22.f4 Bf6
23.Bd3 Rd8 24.Qe2 Kg8 25.Ne4 Bg7 26.Kh1 Qd7 27.Rad1 Qc7 28.Rf1 b6 29.Ng5 Bb7
30.Bxg6 Rd7 31.Qxh5 Bd5 32.f5 fxg6 33.Qh7+ Kf8 34.fxe6+ Ke8 35.Qg8+ Ke7 36.Qxg7+ Kd6
37.exd7  1-0